Click and capture? - harnessing multi-channel retail sales for turnover rent calculations (Record no. 84328)

MARC details
000 -LEADER
fixed length control field 01316cab a22002055a 4500
001 - CONTROL NUMBER
control field L157317
008 - FIXED-LENGTH DATA ELEMENTS--GENERAL INFORMATION
fixed length control field 121016s2012 xxk 000 0 eng d
035 ## - SYSTEM CONTROL NUMBER
System control number (Sirsi) u157317
041 0# - LANGUAGE CODE
Language code of text/sound track or separate title eng
100 1# - MAIN ENTRY--PERSONAL NAME
Personal name John, Ed
245 00 - TITLE STATEMENT
Title Click and capture? - harnessing multi-channel retail sales for turnover rent calculations
260 ## - PUBLICATION, DISTRIBUTION, ETC.
Date of publication, distribution, etc. 2012
490 #0 - SERIES STATEMENT
Series statement Hogan Lovells Real Estate Quarterly
Volume/sequential designation Summer Issue, 12-13(2)
520 ## - SUMMARY, ETC.
Summary, etc. Looks at how turnover leases can be "future-proofed" in an evolving market and how to use multi-channel retail sales for calculating turnover rent. Outlines the concept of turnover leases and reviews current definitions of gross turnover. Describes best practice between landlords and tenants in negotiating leases. For some retail premises such as flagship stores on the leading shopping streets, turnover rents are just not suitable. The value of such stores lies in their marketing and brand visibility rather than sales from the stores themselves.
590 ## - LOCAL NOTE (RLIN)
Local note KA
690 ## - LOCAL SUBJECT ADDED ENTRY--TOPICAL TERM (OCLC, RLIN)
Topical term or geographic name as entry element Commercial property
9 (RLIN) 6227
690 ## - LOCAL SUBJECT ADDED ENTRY--TOPICAL TERM (OCLC, RLIN)
Topical term or geographic name as entry element Landlord and tenant
9 (RLIN) 6252
856 40 - ELECTRONIC LOCATION AND ACCESS
Uniform Resource Identifier <a href="https://www.hoganlovells.com/newsmedia/newspubs/List.aspx?PublicationTypes=8d563981-63d3-440c-b56b-c804d4c057dc&Industry=0c7d5441-1de6-4616-927f-e2b37a6367be">https://www.hoganlovells.com/newsmedia/newspubs/List.aspx?PublicationTypes=8d563981-63d3-440c-b56b-c804d4c057dc&Industry=0c7d5441-1de6-4616-927f-e2b37a6367be</a>
Public note View the article at www.hoganlovells.com
942 ## - ADDED ENTRY ELEMENTS (KOHA)
Suppress in OPAC 0
Holdings
Withdrawn status Lost status Source of classification or shelving scheme Damaged status Not for loan Home library Current library Shelving location Date acquired Total Checkouts Full call number Barcode Date last seen Copy number Price effective from Koha item type
    Dewey Decimal Classification     Virtual Virtual Online 16/10/2012   ONLINE PUBLICATION 157317-2001 06/08/2019 1 06/08/2019 Journal article